La principessa e il drago /

সংরক্ষণ করুন:
গ্রন্থ-পঞ্জীর বিবরন
অন্যান্য লেখক: Munsch, Robert (চিত্রনাট্যকার), Maria, Isabella (অনুবাদক), Martchenko, Michael (চিত্রকর)
বিন্যাস: গ্রন্থ
ভাষা:ইতালিয়
প্রকাশিত: Torino : EDT Giralangolo, 2014
মালা:Sottosopra
ট্যাগগুলো: ট্যাগ যুক্ত করুন
কোনো ট্যাগ নেই, প্রথমজন হিসাবে ট্যাগ করুন!

MARC

LEADER 00000nam a22000007i 4500
001 IT\ICCU\LO1\1517082
003 ItRI
005 20260115232117.0
008 140414s2014 it |||||| ||||| |||||c
020 |a 9788859205371 
020 |a 9788859279099 (Ed. 2021) 
040 |b ita  |c importazione bologna sebina 
041 7 |a ita  |2 ISO-639-2 
082 |a 813.54  |9 NARRATIVA AMERICANA IN LINGUA INGLESE, 1945-1999  |2 23 
100 1 |a Munsch, Robert  |0 IT\ICCU\UBOV\578791  |4 aus 
240 1 4 |a The paper bag princess  |3 IT\ICCU\LO1\1517084  |9 Munsch, Robert 
245 1 3 |a La principessa e il drago /  |c scritto da Robert Munsch ; illustrato da Michael Martchenko. 
260 |a Torino :  |b EDT Giralangolo,  |c 2014 
300 |a [28] p. :  |b in gran parte ill. ;  |c 26 x 26 cm 
500 |a Traduzione dall'inglese di Isabella Maria 
700 1 |a Maria, Isabella  |0 IT\ICCU\MODV\661940  |4 trl 
700 1 |a Martchenko, Michael  |0 IT\ICCU\UBOV\578792  |4 ill 
830 0 |a Sottosopra  |0 IT\ICCU\LUA\0530335 
942 |2 ddc  |c BK  |n 0 
952 |0 0  |1 0  |4 0  |6 R_813_540000000000000_MUN  |7 0  |9 20209  |a BO  |b BO  |d 2026-01-15  |i 17534  |l 0  |o R 813.54 MUN  |p BO17534  |r 2026-01-15 23:21:17  |w 2026-01-15  |x [Sebina 5] [1 v.]  |y BK  |z 1 v. 
999 |c 17237  |d 17237